000
00265pab a2200109 454500
008
180718b xxu||||| |||| 00| 0 eng d
100
_a
Briz-Kishore, B.H
245
_a
Save water - the ten commandments
650
_a
Water Storage
773
_a
Bhagirath
909
_a
22467
999
_c
22467
_d
22467